The basics of cloud computing : (Record no. 19809)

MARC details
000 -LEADER
fixed length control field 01246cam a22003015a 4500
001 - CONTROL NUMBER
control field 17789979
005 - DATE AND TIME OF LATEST TRANSACTION
control field 20150812154449.0
008 - FIXED-LENGTH DATA ELEMENTS--GENERAL INFORMATION
fixed length control field 130624t2014 maua frb 001 0 eng d
020 ## - INTERNATIONAL STANDARD BOOK NUMBER
International Standard Book Number 9780124059320 (paperback : alkaline paper)
020 ## - INTERNATIONAL STANDARD BOOK NUMBER
International Standard Book Number 0124059325 (paperback : alkaline paper)
040 ## - CATALOGING SOURCE
Original cataloging agency DLC
Language of cataloging eng
Transcribing agency DLC
Modifying agency DLC
-- EG-ScBUE
050 00 - LIBRARY OF CONGRESS CALL NUMBER
Classification number QA76.585
Item number .R68 2014
082 04 - DEWEY DECIMAL CLASSIFICATION NUMBER
Classification number 004.6782
Edition number 22
Item number ROU
100 1# - MAIN ENTRY--PERSONAL NAME
Personal name Rountree, Derrick.
9 (RLIN) 38335
245 14 - TITLE STATEMENT
Title The basics of cloud computing :
Remainder of title understanding the fundamentals of cloud computing in theory and practice
Statement of responsibility, etc Derrick Rountree, Ileana Castrillo ; technical editor Hai Jiang.
260 ## - PUBLICATION, DISTRIBUTION, ETC. (IMPRINT)
Place of publication, distribution, etc Waltham :
Name of publisher, distributor, etc Syngress / Elsevier,
Date of publication, distribution, etc c.2014.
300 ## - PHYSICAL DESCRIPTION
Extent xvii, 155 p. :
Other physical details ill. ;
Dimensions 24 cm.
500 ## - GENERAL NOTE
General note Index : p. 151-155.
504 ## - BIBLIOGRAPHY, ETC. NOTE
Bibliography, etc Includes bibliographical references.
505 0# - FORMATTED CONTENTS NOTE
Formatted contents note Introduction to the Cloud -- Laying the Ground Work -- Cloud Deployment Models -- Cloud Service Models -- Making the Decision -- Evaluating Cloud Security -- Operating a Cloud.
650 #0 - SUBJECT ADDED ENTRY--TOPICAL TERM
Topical term or geographic name as entry element Cloud computing.
Source of heading or term BUEsh
9 (RLIN) 37309
651 ## - SUBJECT ADDED ENTRY--GEOGRAPHIC NAME
Source of heading or term BUEsh
653 ## - INDEX TERM--UNCONTROLLED
Resource For college Informatics and Computer Science
Arrived date list June2015
-- August2015
655 ## - INDEX TERM--GENRE/FORM
Form subdivision
-- 34232
700 1# - ADDED ENTRY--PERSONAL NAME
Personal name Castrillo, Ileana.
700 1# - ADDED ENTRY--PERSONAL NAME
Personal name Jiang, Hai,
Relator term editor.
942 ## - ADDED ENTRY ELEMENTS (KOHA)
Source of classification or shelving scheme Dewey Decimal Classification
Holdings
Withdrawn status Lost status Source of classification or shelving scheme Damaged status Not for loan Koha collection Home library Current library Shelving location Date acquired Source of acquisition Cost, normal purchase price Serial Enumeration / chronology Total Checkouts Total Renewals Full call number Barcode Date last seen Date last borrowed Cost, replacement price Koha item type
    Dewey Decimal Classification     Alahram Central Library Central Library Lower Floor 22/06/2015   253.00 311 4 9 004.6782 ROU 000038708 15/07/2025 21/01/2020 316.25 Book - Borrowing